00714nam a2200205 i 4500001000300000100003500003245010000038260004800138300002600186504002600212650002800238651003100266655003000297040000800327041000700335080001500342080001200357008004100369856009800410bg1 aBardach, Juliuszd(1914-2010).10aHistoria państwa i prawa Polski do roku 1795.nCz.1,pDo połowy XV wieku /cJuliusz Bardach. aWarszawa :bPańst. Wydaw. Naukowe,c1957. a592, [1] s. ;c24 cm. aBibliogr. przy rozdz. 9aPrawoxhistoriazPolska 9aPolskaxustrójxhistoria aPodręczniki akademickie cBPK0 apl a342.3(438) a(075.8) s pl f |000 0 pol  uhttp://koha.tu.koszalin.pl/cgi-bin/koha/opac-detail.pl?biblionumber=37437yKatalog online BPK